00527nam a22001697a 450000500170000001000150001702000260003203500140005803700090007208200130008110000190009424500960011325000060020926000370021527000810025230000240033320250311142747.0 aENG-144043 a9788185502137c900.00 aEN-127575 bDBAD a332.0954 aBagli,Supravat aGroup Centric Microfinance for Financial Inclusion:bTheories and Empirics/cSupravat Bagli a1 aNew DelhibRenu Publishersc2016 a90, Sainik Vihar, Mohan Garden bNew Delhie110059mrenupublishers@gmail.com avii,309p.c22cm(hb)